000 00353 a2200121 4500
020 _a9780849334993
082 _a631.410278 TAN
100 _aTan, Kim H.
245 _aSoil Sampling, Prepration, and Analysis /
_cKim H. Tan
250 _a2nd ed
260 _aLondon :
_bTaylor and Francis Group,
_c2005
300 _a623p. :
_bill. ;
_c24 cm
650 _asoil -- analysis, soil sampling
999 _c2010
_d2010